Link neighbourhood initiatives into the wider economy (Record no. 65751)

MARC details
000 -LEADER
fixed length control field 01132cam a2200229 4500
001 - CONTROL NUMBER
control field ABS63356
008 - FIXED-LENGTH DATA ELEMENTS--GENERAL INFORMATION
fixed length control field 000000n2000 000 0 eng u
035 ## - SYSTEM CONTROL NUMBER
System control number (Sirsi) u110261
100 ## - MAIN ENTRY--PERSONAL NAME
Personal name Parkinson, M
245 ## - TITLE STATEMENT
Title Link neighbourhood initiatives into the wider economy
260 ## - PUBLICATION, DISTRIBUTION, ETC.
Date of publication, distribution, etc. 2000
490 ## - SERIES STATEMENT
Series statement Urban Environment Today
Volume/sequential designation 2(110) 30 November 2000, 14(1)
520 ## - SUMMARY, ETC.
Summary, etc. Focuses on the need to change the approach towards local regeneration by looking beyond the limits of the area itself to the wider problems such as unemployment that underlie the problems of many small areas. The impact of urban regeneration programmes on a neighbourhood will be limited unless they are connected to the needs of the wider city. The article examines the socio-economic factors that need to be understood before any programme is initiated. It finishes by calling for city regeneration programmes to also take account of the suburbs.
590 ## - LOCAL NOTE (RLIN)
Local note ABS
650 ## - SUBJECT ADDED ENTRY--TOPICAL TERM
Topical term or geographic name entry element URBAN REGENERATION
650 ## - SUBJECT ADDED ENTRY--TOPICAL TERM
Topical term or geographic name entry element SUBURBAN AREAS
650 ## - SUBJECT ADDED ENTRY--TOPICAL TERM
Topical term or geographic name entry element SOCIAL EFFECTS
650 ## - SUBJECT ADDED ENTRY--TOPICAL TERM
Topical term or geographic name entry element ECONOMY
690 ## - LOCAL SUBJECT ADDED ENTRY--TOPICAL TERM (OCLC, RLIN)
Topical term or geographic name as entry element REGENERATION
700 ## - ADDED ENTRY--PERSONAL NAME
Personal name Robson, B
942 ## - ADDED ENTRY ELEMENTS (KOHA)
Suppress in OPAC 0
Holdings
Withdrawn status Lost status Source of classification or shelving scheme Damaged status Not for loan Home library Current library Shelving location Date acquired Total Checkouts Full call number Barcode Date last seen Copy number Price effective from Koha item type
    Dewey Decimal Classification     London London Journal article 09/01/2001   ABS63356 110261-1001 06/08/2019 1 06/08/2019 Journal article